00714nam a2200193 a 450000100060000000300090000600800410001502000180005604000280007408200140010210000310011624500500014726000230019730000100022050502020023065000180043265000330045065000370048322815CO-ViMGA141112s2004 ck r 000 u spa d a9789587112405 aCO-ViMGAbspacCO-ViMGA04a343 F375c1 aFernàndez Vega, Humberto10aLa casación en el sistema penal acusatorio aColombia : bLeyer a264p. aLa casacion penal y el recurso extraordinario, Requisitos del recurso extraordinario, Causal primera , violacion de norma de derecho sustancial, Causal segunda , Desconocimiento del debido proceso14aDERECHO PENAL14aDERECHO PROCESAL - COLOMBIA 14aRECURSO DE CASACION - COLOMBIA